Coupe du Monde de Football 2026 - Tous Participants - Statistiques

Statistiques générales
  • Ce quiz a été pris 74 fois
    15 depuis la dernière actualisation
  • Le résultat moyen est 8 sur 24
Statistiques - réponses
Nation/ Pays % Correct
Canada
67%
Argentine
58%
États Unis
58%
Mexique
58%
Algerie
50%
Brésil
50%
Uruguay
50%
Colombie
42%
Egypte
42%
Équateur
42%
Jordanie
42%
Maroc
42%
Iran
33%
Paraguay
33%
Sénégal
33%
Ghana
25%
Australie
17%
Corée du Sud
17%
Japon
17%
Nouvelle Zélande
17%
Ouzbékistan
17%
Afrique du Sud
8%
Cap Verte
0%
Tunesie
0%
Aucun quiz correspondant
Distribution des résultats
% des personnes avec chaque résultat
Percentile par nombre de réponses
Votre historique - résultats
Vous n’avez pas pris ce quiz depuis la dernière actualisation